000 01108nmm a2200421 a 4500
003 AR-BaBNM
005 20251128211149.0
008 273020s2002 ||||||||||||||000 | spa||
020 _a950-9467-77-4
040 _cAR-BaBNM
245 1 0 _aApertura e innovación en la Argentina
250 _a1ª ed.
260 _aBuenos Aires
_bMiño y Dávila
_c2002
300 0 _a304 p.
_btablas
650 4 _aINNOVACIONES TECNOLOGICAS
650 4 _aECONOMIA
650 4 _aINDUSTRIA ALIMENTARIA
650 4 _aEMPRESAS INDUSTRIALES
650 4 _aIMPORTACIONES
650 4 _aDESARROLLO ECONOMICO
651 4 _aArgentina
653 _aNUEVAS TECNOLOGIAS
700 1 _aAlbornoz, Facundo
700 1 _aAnlló, Guillermo
700 1 _aBisang, Roberto
700 1 _aBianco, Carlos
700 1 _aCesa, Verónica
700 1 _aEspañol, Paula
700 1 _aGoldberg, Laura
700 1 _aGutman, Graciela
700 1 _aLugones, Gustavo
700 1 _aMilesi, Darío
700 1 _aRabetino, Rodrigo
700 1 _aRaffo, Julio
700 1 _aYoguel, Gabriel
942 _cBK
998 _cMariana
999 _c18525
_d18525